Statistics for Largest Trading Partners Of The United States

Click here to take the quiz!

General Stats

  • This quiz has been taken 74 times
  • The average score is 8 of 9

Answer Stats

Answer% Correct
Japan
97%
Canada
95%
China
95%
United Kingdom
95%
Germany
88%
France
86%
Mexico
79%
India
73%
South Korea
52%

Score Distribution

Percentile by Number Answered

Percent of People with Each Score

Your Score History

You have not taken this quiz